Fabianelo (Record no. 48667)

MARC details
000 -LEADER
campo de control de longitud fija 00549nam a22001695i 4500
001 - NÚMERO DE CONTROL
campo de control 48667
003 - IDENTIFICADOR DE NÚMERO DE CONTROL
campo de control ES-MaACL
007 - CAMPO FIJO DE DESCRIPCIÓN FÍSICA--INFORMACIÓN GENERAL
campo de control de longitud fija t|
008 - DATOS DE LONGITUD FIJA--INFORMACIÓN GENERAL
campo de control de longitud fija 950728s1896 sp ||||1| spa d
040 ## - FUENTE DE CATALOGACIÓN
Centro catalogador/agencia de origen CAM
Lengua de catalogación spa
Centro/agencia transcriptor CAM
100 1# - ENTRADA PRINCIPAL--NOMBRE DE PERSONA
Nombre de persona Díaz Macías, J.
9 (RLIN) 44332
245 10 - MENCIÓN DEL TÍTULO
Título Fabianelo
Resto del título : poema social /
Mención de responsabilidad, etc. por J. Díaz Macías...; y con un prólogo de Juan Uña.
260 ## - PUBLICACIÓN, DISTRIBUCIÓN, ETC.
Lugar de publicación, distribución, etc. Badajoz :
Nombre del editor, distribuidor, etc. [s.n],
Fecha de publicación, distribución, etc. 1896 (
Fabricante El Progreso, tipografía de Antonio Arqueros)
300 ## - DESCRIPCIÓN FÍSICA
Extensión XXIX,[3], 24,[3] p. ;
Dimensiones 19 cm.
700 1# - ENTRADA AGREGADA--NOMBRE PERSONAL
Nombre de persona Uña, Juan.
9 (RLIN) 112041
852 ## - LOCALIZACIÓN
Ubicación ES-MaACL
Número de control de estantería T-766-F-8
Holdings
Estatus retirado Estado de pérdida Estado de daño No para préstamo Colección Biblioteca de origen Biblioteca actual Ubicación en estantería Fecha de adquisición Fuente de adquisición Total de préstamos Signatura topográfica completa Código de barras Visto por última vez Precio de reemplazo Tipo de ítem Koha
        Colección de folletos Biblioteca del Ateneo de Madrid Biblioteca del Ateneo de Madrid Depósito folletos 17/01/2008     T-766-F-8 1051213 23/02/2023 23/02/2023 Folleto